00454nam a22001577a 450000500170000000800410001702000180005804100130007608200140008910000330010324500450013625000200018126000440020130000260024565000250027120231106142202.0231106b |||||||| |||| 00| 0 eng d a9780409123241 aEnglish  a346.5 INS aDe Clercq, B et al.lEnglish aInsolvent Estates / cB de Clercq et al. aEighth Edition  aDurban : bLexisNexis (Pty) Ltd, c2014 b285 pages ; c25 cm.  aLegal practice bLaw